000 00367 a2200109 4500
001 ART_37704
005 20260410161821.0
008 260409a
245 1 0 _aAspectos procesales de la ley penal tributaria en las haciendas locales
100 1 _aBello, Alberto M.
773 0 _tDoctrina Penal Tributaria y Económica
_g- Nº 39 (abr. 2016)
_wREV4317
999 _c22365
_d22365